000 01501nam0a2200337 4500
001 RU\NLR\bibl\1291766
005 20260409073536.0
010 _a978-5-89537-324-8
_910000
021 _aRU
_b2008-74133
_94262
035 _a(NLR Aleph) 001277440
090 _a477595
_c477595
100 _a20081106d2008 |||y0rusy50 ca
101 0 _arus
102 _aRU
105 _aa |||||||||
200 1 _aЧитаем по слогам
_eс комментариями для родителей
_eИгра! Наклейки! Веселые задания!
_e[для изучения детьми от пяти лет и старше при помощи родителей
_fЕ. Синякина, С. Синякина]
210 _aМосква
_cСтрекоза
_d2008
215 _a[21] с.
_cцв. ил.
_d28
_e1 л. цв. наклеек
225 1 _aПервые уроки
_e5+
_eкурс занятий с детьми от трех до шести лет
300 _aАвт. указаны в вып. дан.
606 _8rus
_aДошкольники
_xОбучение чтению
_7ca
_3RU\NLR\auth\661265029
_92089883
686 _aЧ411.382.1
686 _aЧ491.7
700 1 _4070
_8rus
_7ca
_aСинякина
_bЕ.
_gЕлена
_3RU\NLR\auth\7757436
_940368
701 1 _4070
_8rus
_7ca
_aСинякина
_bС.
_gСветлана
_3RU\NLR\auth\7757437
_940369
801 0 _aRU
_bNLR
_c20081106
_gRCR
801 1 _aRU
_bNLR
_c20081106
942 _cBOOK
980 _aNB